NFL Players you didn't know played for the Chargers - Statistics

General Stats
  • This quiz has been taken 10 times
  • The average score is 3 of 10
Answer Stats
Pos. Known For Player % Correct
WR NEP Wes Welker
63%
CB DEN Chris Harris Jr.
50%
DE LAR Deacon Jones
50%
S IND Bob Sanders
38%
OLB IND Dwight Freeney
38%
TE GBP Jared Cook
38%
WR ARI David Boston
25%
OT WAS Jim Lachey
13%
TE BAL John Mackey
13%
QB BAL Johnny Unitas
13%
No matching quizzes found
Score Distribution
Percent of People with Each Score
Percentile by Number Answered
Your Score History
You have not taken this quiz